书目信息 |
| 题名: |
地磁学
|
|
| 作者: | Б·М·扬诺夫斯基 著 ;刘洪学 译 | |
| 分册: | ||
| 出版信息: | 北京 地质出版社 1982.07 |
|
| 页数: | 398页 | |
| 开本: | 26cm | |
| 丛书名: | ||
| 单 册: | ||
| 中图分类: | P318 | |
| 科图分类: | ||
| 主题词: | 岩石--物理学 , 固体地球物理学 | |
| 电子资源: | ||
| ISBN: | ||
| 000 | 00681nam0 2200229 450 | |
| 001 | 0629554958 | |
| 005 | 20060809174447.76 | |
| 010 | @dCNY3.20 | |
| 091 | @a15038.教141 | |
| 100 | @a20060802d1982 km y0chiy0120 ea | |
| 101 | 0 | @achi |
| 102 | @aCN@b110000 | |
| 200 | 1 | @a地磁学@Adi ci xue@fБ·М·扬诺夫斯基 著@FБ·М·yang nuo fu si ji zhu@g刘洪学 等译@Gliu hong xue deng yi |
| 210 | @a北京@c地质出版社@d1982.07 | |
| 215 | @a398页@d26cm | |
| 606 | 0 | @a岩石@x物理学 |
| 606 | 0 | @a固体地球物理学 |
| 690 | @aP318@v3 | |
| 701 | 0 | @aБ·М·扬诺夫斯基@AБ·М·yang nuo fu si ji@4著 |
| 702 | 0 | @a刘洪学@Aliu hong xue@4译 |
| 801 | 0 | @aCN@bPFT@c20060809 |
| 905 | @a10447@dP318@e69 | |
| 地磁学/Б·М·扬诺夫斯基 著/刘洪学 等译.-北京:地质出版社,1982.07 |
| 398页;26cm |
| ISBN :CNY3.20 |
| ● |
| 相关链接 |
|
|
|
|
正题名:地磁学
索取号:P318/69
 
预约/预借
| 序号 | 登录号 | 条形码 | 馆藏地/架位号 | 状态 | 备注 |
| 1 | 0439368 | 204393682 | 密集书库/ [索取号:P318/69] | 在馆 | |
| 2 | 0452012 | 204520125 | 密集书库/ [索取号:P318/69] | 在馆 | |
| 3 | 0452013 | 204520134 | 密集书库/ [索取号:P318/69] | 在馆 | |
| 4 | 0452014 | 204520143 | 密集书库/ [索取号:P318/69] | 在馆 | |
| 5 | 0452015 | 204520152 | 密集书库/ [索取号:P318/69] | 在馆 |